|
|
|
|
| LEADER |
01351nam a2200265 4500 |
| 001 |
10113855 |
| 003 |
upatras |
| 005 |
20210117205130.0 |
| 008 |
140905s1968 us eng |
| 040 |
|
|
|a GR-PaULI
|e AACR2
|c GR-PaULI
|
| 041 |
0 |
|
|a eng
|
| 082 |
0 |
4 |
|a 513.83
|
| 100 |
1 |
|
|a Steenrod, Norman Earl
|d 1910-1971
|4 aut
|9 40814
|
| 245 |
1 |
0 |
|a Reviews of papers in algebraic and differential topology, topological groups, and homological algebra
|c classified by N. E. Steenrod
|
| 260 |
|
|
|a [Providence}
|b American Mathematical Society
|c 1986
|
| 300 |
|
|
|a 2 τ. (xii, 1448 σ.)
|c 31 εκ.
|
| 505 |
0 |
|
|a τ.1. - xii, 862 σ. - 1968 --
|a τ.2. - (863-1448 σ.) - 1968.
|
| 650 |
|
4 |
|a Αλγεβρική τοπολογία
|9 14
|
| 852 |
|
|
|a GR-PaULI
|b ΠΑΤΡΑ
|b ΒΚΠ
|b ΒΣ1
|k ΑΣΧΞ
|h 513.83 STE
|m 071115
|p 025000233502
|t 1
|3 v.2
|
| 852 |
|
|
|a GR-PaULI
|b ΠΑΤΡΑ
|b ΒΚΠ
|b ΒΣ1
|k ΑΣΧΞ
|h 513.83 STE
|m 071108
|p 025000233503
|t 1
|3 v.1
|
| 942 |
|
|
|2 ddc
|c BK15
|
| 952 |
|
|
|0 0
|1 0
|3 v.2
|4 0
|6 513_830000000000000_STE
|7 0
|9 169677
|a LISP
|b LISP
|c BSC
|d 2016-04-24
|i 071115
|l 0
|o 513.83 STE
|p 025000233502
|r 2016-04-24 00:00:00
|t 1
|w 2016-04-24
|y BK15
|
| 952 |
|
|
|0 0
|1 0
|3 v.1
|4 0
|6 513_830000000000000_STE
|7 0
|9 169678
|a LISP
|b LISP
|c BSC
|d 2016-04-24
|i 071108
|l 0
|o 513.83 STE
|p 025000233503
|r 2016-04-24 00:00:00
|t 1
|w 2016-04-24
|y BK15
|
| 998 |
|
|
|c ΜΠΟΥΡΑΣ
|d 2014-09
|
| 999 |
|
|
|c 106168
|d 106168
|